000 00274nam a22001217a 4500
008 180806b xxu||||| |||| 00| 0 eng d
082 _a813.52
245 _aPractice Anatomy LAB
_cPearson
260 _c2010
300 _a1
_fCD
440 _x9780321676474
942 _2ddc
_cMX
999 _c46823
_d46823